Encyclopedia of plant physiology : (Record no. 12162)

000 -LEADER
fixed length control field 05542cam a2201825M 4500
020 ## - INTERNATIONAL STANDARD BOOK NUMBER
ISBN 0387073140 (vol. 1)
020 ## - INTERNATIONAL STANDARD BOOK NUMBER
ISBN 9780387073149 (vol. 1)
020 ## - INTERNATIONAL STANDARD BOOK NUMBER
ISBN 3540073140 (vol. 1)
020 ## - INTERNATIONAL STANDARD BOOK NUMBER
ISBN 9783540073147 (vol. 1)
020 ## - INTERNATIONAL STANDARD BOOK NUMBER
ISBN 038707452X (vol. 2A)
020 ## - INTERNATIONAL STANDARD BOOK NUMBER
ISBN 9780387074528 (vol. 2A)
020 ## - INTERNATIONAL STANDARD BOOK NUMBER
ISBN 354007452X (vol. 2A)
020 ## - INTERNATIONAL STANDARD BOOK NUMBER
ISBN 9783540074526 (vol. 2A)
020 ## - INTERNATIONAL STANDARD BOOK NUMBER
ISBN 0387074538 (vol. 2B)
020 ## - INTERNATIONAL STANDARD BOOK NUMBER
ISBN 9780387074535 (vol. 2B)
020 ## - INTERNATIONAL STANDARD BOOK NUMBER
ISBN 3540074538 (vol. 2B)
020 ## - INTERNATIONAL STANDARD BOOK NUMBER
ISBN 9783540074533 (vol. 2B)
020 ## - INTERNATIONAL STANDARD BOOK NUMBER
ISBN 0387078185 (vol. 3)
020 ## - INTERNATIONAL STANDARD BOOK NUMBER
ISBN 9780387078182 (vol. 3)
020 ## - INTERNATIONAL STANDARD BOOK NUMBER
ISBN 3540078185 (vol. 3)
020 ## - INTERNATIONAL STANDARD BOOK NUMBER
ISBN 9783540078180 (vol. 3)
020 ## - INTERNATIONAL STANDARD BOOK NUMBER
ISBN 0387075577 (vol. 4)
020 ## - INTERNATIONAL STANDARD BOOK NUMBER
ISBN 9780387075570 (vol. 4)
020 ## - INTERNATIONAL STANDARD BOOK NUMBER
ISBN 3540075577 (vol. 4)
020 ## - INTERNATIONAL STANDARD BOOK NUMBER
ISBN 9783540075578 (vol. 4)
020 ## - INTERNATIONAL STANDARD BOOK NUMBER
ISBN 0387079629 (vol. 5)
020 ## - INTERNATIONAL STANDARD BOOK NUMBER
ISBN 9780387079622 (vol. 5)
020 ## - INTERNATIONAL STANDARD BOOK NUMBER
ISBN 3540079629 (vol. 5)
020 ## - INTERNATIONAL STANDARD BOOK NUMBER
ISBN 9783540079620 (vol. 5)
020 ## - INTERNATIONAL STANDARD BOOK NUMBER
ISBN 0387092889 (vol. 6)
020 ## - INTERNATIONAL STANDARD BOOK NUMBER
ISBN 9780387092881 (vol. 6)
020 ## - INTERNATIONAL STANDARD BOOK NUMBER
ISBN 3540092889 (vol. 6)
020 ## - INTERNATIONAL STANDARD BOOK NUMBER
ISBN 9783540092889 (vol. 6)
020 ## - INTERNATIONAL STANDARD BOOK NUMBER
ISBN 0387087761 (vol. 7)
020 ## - INTERNATIONAL STANDARD BOOK NUMBER
ISBN 9780387087764 (vol. 7)
020 ## - INTERNATIONAL STANDARD BOOK NUMBER
ISBN 3540087761 (vol. 7)
020 ## - INTERNATIONAL STANDARD BOOK NUMBER
ISBN 9783540087762 (vol. 7)
020 ## - INTERNATIONAL STANDARD BOOK NUMBER
ISBN 038709461X (vol. 8)
020 ## - INTERNATIONAL STANDARD BOOK NUMBER
ISBN 9780387094618 (vol. 8)
020 ## - INTERNATIONAL STANDARD BOOK NUMBER
ISBN 354009461X (vol. 8)
020 ## - INTERNATIONAL STANDARD BOOK NUMBER
ISBN 9783540094616 (vol. 8)
020 ## - INTERNATIONAL STANDARD BOOK NUMBER
ISBN 0387101616 (vol. 9)
020 ## - INTERNATIONAL STANDARD BOOK NUMBER
ISBN 9780387101613 (vol. 9)
020 ## - INTERNATIONAL STANDARD BOOK NUMBER
ISBN 3540101616 (vol. 9)
020 ## - INTERNATIONAL STANDARD BOOK NUMBER
ISBN 9783540101611 (vol. 9)
020 ## - INTERNATIONAL STANDARD BOOK NUMBER
ISBN 0387101969 (vol. 10)
020 ## - INTERNATIONAL STANDARD BOOK NUMBER
ISBN 9780387101965 (vol. 10)
020 ## - INTERNATIONAL STANDARD BOOK NUMBER
ISBN 3540101969 (vol. 10)
020 ## - INTERNATIONAL STANDARD BOOK NUMBER
ISBN 9783540101963 (vol. 10)
020 ## - INTERNATIONAL STANDARD BOOK NUMBER
ISBN 0387101977 (vol. 11)
020 ## - INTERNATIONAL STANDARD BOOK NUMBER
ISBN 9780387101972 (vol. 11)
020 ## - INTERNATIONAL STANDARD BOOK NUMBER
ISBN 3540101977 (vol. 11)
020 ## - INTERNATIONAL STANDARD BOOK NUMBER
ISBN 9783540101970 (vol. 11)
020 ## - INTERNATIONAL STANDARD BOOK NUMBER
ISBN 0387107630 (vol. 12A)
020 ## - INTERNATIONAL STANDARD BOOK NUMBER
ISBN 9780387107639 (vol. 12A)
020 ## - INTERNATIONAL STANDARD BOOK NUMBER
ISBN 3540107630 (vol. 12A)
020 ## - INTERNATIONAL STANDARD BOOK NUMBER
ISBN 9783540107637 (vol. 12A)
020 ## - INTERNATIONAL STANDARD BOOK NUMBER
ISBN 0387109064 (vol. 12B)
020 ## - INTERNATIONAL STANDARD BOOK NUMBER
ISBN 9780387109060 (vol. 12B)
020 ## - INTERNATIONAL STANDARD BOOK NUMBER
ISBN 3540109064 (vol. 12B)
020 ## - INTERNATIONAL STANDARD BOOK NUMBER
ISBN 9783540109068 (vol. 12B)
020 ## - INTERNATIONAL STANDARD BOOK NUMBER
ISBN 0387109072 (vol. 12C)
020 ## - INTERNATIONAL STANDARD BOOK NUMBER
ISBN 9780387109077 (vol. 12C)
020 ## - INTERNATIONAL STANDARD BOOK NUMBER
ISBN 3540109072 (vol. 12C)
020 ## - INTERNATIONAL STANDARD BOOK NUMBER
ISBN 9783540109075 (vol. 12C)
020 ## - INTERNATIONAL STANDARD BOOK NUMBER
ISBN 0387109080 (vol. 12D)
020 ## - INTERNATIONAL STANDARD BOOK NUMBER
ISBN 9780387109084 (vol. 12D)
020 ## - INTERNATIONAL STANDARD BOOK NUMBER
ISBN 3540109080 (vol. 12D)
020 ## - INTERNATIONAL STANDARD BOOK NUMBER
ISBN 9783540109082 (vol. 12D)
020 ## - INTERNATIONAL STANDARD BOOK NUMBER
ISBN 0387110607 (vol. 13A)
020 ## - INTERNATIONAL STANDARD BOOK NUMBER
ISBN 9780387110608 (vol. 13A)
020 ## - INTERNATIONAL STANDARD BOOK NUMBER
ISBN 3540110607 (vol. 13A)
020 ## - INTERNATIONAL STANDARD BOOK NUMBER
ISBN 9783540110606 (vol. 13A)
020 ## - INTERNATIONAL STANDARD BOOK NUMBER
ISBN 0387110070 (vol. 13B)
020 ## - INTERNATIONAL STANDARD BOOK NUMBER
ISBN 9780387110073 (vol. 13B)
020 ## - INTERNATIONAL STANDARD BOOK NUMBER
ISBN 3540110070 (vol. 13B)
020 ## - INTERNATIONAL STANDARD BOOK NUMBER
ISBN 9783540110071 (vol. 13B)
020 ## - INTERNATIONAL STANDARD BOOK NUMBER
ISBN 0387110089 (vol. 14A)
020 ## - INTERNATIONAL STANDARD BOOK NUMBER
ISBN 9780387110080 (vol. 14A)
020 ## - INTERNATIONAL STANDARD BOOK NUMBER
ISBN 3540110089 (vol. 14A)
020 ## - INTERNATIONAL STANDARD BOOK NUMBER
ISBN 9783540110088 (vol. 14A)
020 ## - INTERNATIONAL STANDARD BOOK NUMBER
ISBN 0387111409 (vol. 14B)
020 ## - INTERNATIONAL STANDARD BOOK NUMBER
ISBN 9780387111407 (vol. 14B)
020 ## - INTERNATIONAL STANDARD BOOK NUMBER
ISBN 3540111409 (vol. 14B)
020 ## - INTERNATIONAL STANDARD BOOK NUMBER
ISBN 9783540111405 (vol. 14B)
020 ## - INTERNATIONAL STANDARD BOOK NUMBER
ISBN 038712103X (vol. 15AB)
020 ## - INTERNATIONAL STANDARD BOOK NUMBER
ISBN 9780387121031 (vol. 15AB)
020 ## - INTERNATIONAL STANDARD BOOK NUMBER
ISBN 354012103X (vol. 15AB)
020 ## - INTERNATIONAL STANDARD BOOK NUMBER
ISBN 9783540121039 (vol. 15AB)
020 ## - INTERNATIONAL STANDARD BOOK NUMBER
ISBN 0387121439 (vol. 16 AB)
020 ## - INTERNATIONAL STANDARD BOOK NUMBER
ISBN 9780387121437 (vol. 16 AB)
020 ## - INTERNATIONAL STANDARD BOOK NUMBER
ISBN 3540121439 (vol. 16 AB)
020 ## - INTERNATIONAL STANDARD BOOK NUMBER
ISBN 9783540121435 (vol. 16 AB)
020 ## - INTERNATIONAL STANDARD BOOK NUMBER
ISBN 0387127380 (vol. 17)
020 ## - INTERNATIONAL STANDARD BOOK NUMBER
ISBN 9780387127385 (vol. 17)
020 ## - INTERNATIONAL STANDARD BOOK NUMBER
ISBN 3540127380 (vol. 17)
020 ## - INTERNATIONAL STANDARD BOOK NUMBER
ISBN 9783540127383 (vol. 17)
020 ## - INTERNATIONAL STANDARD BOOK NUMBER
ISBN 0387139354 (vol. 18)
020 ## - INTERNATIONAL STANDARD BOOK NUMBER
ISBN 9780387139357 (vol. 18)
020 ## - INTERNATIONAL STANDARD BOOK NUMBER
ISBN 3540139354 (vol. 18)
020 ## - INTERNATIONAL STANDARD BOOK NUMBER
ISBN 9783540139355 (vol. 18)
020 ## - INTERNATIONAL STANDARD BOOK NUMBER
ISBN 0387161406 (vol. 19)
020 ## - INTERNATIONAL STANDARD BOOK NUMBER
ISBN 9780387161402 (vol. 19)
020 ## - INTERNATIONAL STANDARD BOOK NUMBER
ISBN 3540161406 (vol. 19)
020 ## - INTERNATIONAL STANDARD BOOK NUMBER
ISBN 9783540161400 (vol. 19)
020 ## - INTERNATIONAL STANDARD BOOK NUMBER
ISBN 0387181628 (vol. 20)
020 ## - INTERNATIONAL STANDARD BOOK NUMBER
ISBN 9780387181622 (vol. 20)
020 ## - INTERNATIONAL STANDARD BOOK NUMBER
ISBN 3540181628 (vol. 20)
020 ## - INTERNATIONAL STANDARD BOOK NUMBER
ISBN 9783540181620 (vol. 20)
040 ## - CATALOGING SOURCE
Transcribing agency DKDLA
082 ## - DEWEY DECIMAL CLASSIFICATION NUMBER
Classification number 581 SPR 1975 A033 Or.
245 00 - TITLE STATEMENT
Title Encyclopedia of plant physiology :
Remainder of title new series /
260 ## - PUBLICATION, DISTRIBUTION, ETC. (IMPRINT)
Place of publication Berlin :
Name of publisher Springer Verlag,
Year of publication 1975-1986
300 ## - PHYSICAL DESCRIPTION
Number of Pages Vol. 1-19 i 27 bd. :
Other physical details ill
700 1# - ADDED ENTRY--PERSONAL NAME
Personal name Pirson, A
700 1# - ADDED ENTRY--PERSONAL NAME
Personal name Zimmermann, Martin Huldrych,
700 1# - ADDED ENTRY--PERSONAL NAME
Personal name L©ơttge, Ulrich
700 1# - ADDED ENTRY--PERSONAL NAME
Personal name Pitman, Michael G
700 1# - ADDED ENTRY--PERSONAL NAME
Personal name Stocking, C. R
700 1# - ADDED ENTRY--PERSONAL NAME
Personal name Heber, U
700 1# - ADDED ENTRY--PERSONAL NAME
Personal name Heitefuss, Rudolf
700 1# - ADDED ENTRY--PERSONAL NAME
Personal name Williams, Paul H.,
700 1# - ADDED ENTRY--PERSONAL NAME
Personal name Trebst, Achim
700 1# - ADDED ENTRY--PERSONAL NAME
Personal name Avron, Mordhay
700 1# - ADDED ENTRY--PERSONAL NAME
Personal name Gibbs, Martin,
700 1# - ADDED ENTRY--PERSONAL NAME
Personal name Latzko, Erwin,
700 1# - ADDED ENTRY--PERSONAL NAME
Personal name Haupt, W.
700 1# - ADDED ENTRY--PERSONAL NAME
Personal name Feinleib, Mary Ella,
700 1# - ADDED ENTRY--PERSONAL NAME
Personal name Bell, E. A.
700 1# - ADDED ENTRY--PERSONAL NAME
Personal name Charlwood, B. V.
700 1# - ADDED ENTRY--PERSONAL NAME
Personal name MacMillan, J.
700 1# - ADDED ENTRY--PERSONAL NAME
Personal name Scott, Tom K
700 1# - ADDED ENTRY--PERSONAL NAME
Personal name Pharis, R. P.,
700 1# - ADDED ENTRY--PERSONAL NAME
Personal name Reid, David M.,
700 1# - ADDED ENTRY--PERSONAL NAME
Personal name Lange, O. L.
700 1# - ADDED ENTRY--PERSONAL NAME
Personal name Loewus, Frank Abel,
700 1# - ADDED ENTRY--PERSONAL NAME
Personal name Tanner, W.
700 1# - ADDED ENTRY--PERSONAL NAME
Personal name Boulter, D
700 1# - ADDED ENTRY--PERSONAL NAME
Personal name Parthier, Benno
700 1# - ADDED ENTRY--PERSONAL NAME
Personal name L©Þuchli, A.
700 1# - ADDED ENTRY--PERSONAL NAME
Personal name Bieleski, R. L.
700 1# - ADDED ENTRY--PERSONAL NAME
Personal name Shropshire, Walter
700 1# - ADDED ENTRY--PERSONAL NAME
Personal name Mohr, Hans,
700 1# - ADDED ENTRY--PERSONAL NAME
Personal name Linskens, H. F.
700 1# - ADDED ENTRY--PERSONAL NAME
Personal name Heslop-Harrison, J.
700 1# - ADDED ENTRY--PERSONAL NAME
Personal name Douce, Roland
700 1# - ADDED ENTRY--PERSONAL NAME
Personal name Day, David A
700 1# - ADDED ENTRY--PERSONAL NAME
Personal name Staehelin, L. Andrew
700 1# - ADDED ENTRY--PERSONAL NAME
Personal name Arntzen, Charles J
700 1# - ADDED ENTRY--PERSONAL NAME
Personal name Nobel, P. S
700 1# - ADDED ENTRY--PERSONAL NAME
Personal name Osmond, C. B.
700 1# - ADDED ENTRY--PERSONAL NAME
Personal name Ziegler, H
700 1# - ADDED ENTRY--PERSONAL NAME
Personal name Bewley, J. D
942 ## - ADDED ENTRY ELEMENTS (KOHA)
Koha item type សៀវភៅភាសាអង់គ្លេស
952 ## - LOCATION AND ITEM INFORMATION (KOHA)
Withdrawn status [LOCAL, KOHA] 0
Holdings
Permanent Location Date acquired Koha item type Lost status Shelving location Barcode Current Location Full call number
Library Block A2017-08-10សៀវភៅភាសាអង់គ្លេស A081A07032Library Block A581 SPR 1975 A081 Or.
មជ្ឈមណ្ឌលឯការនៃសាកលវិទ្យាល័យភូមិន្ទកសិកម្មចំការដូង

Powered by Koha